Lahore from crest to calamity: A study on the interplay of religious demography and politics, 1881-2011 (Record no. 361166)

MARC details
000 -LEADER
fixed length control field 00531 a2200181 4500
005 - DATE & TIME
control field 20250429124542.0
008 - FIXED-LENGTH DATA ELEMENTS--GENERAL INFORMATION
fixed length control field 250429b |||||||| |||| 00| 0 eng d
020 ## - ISBN
International Standard Book Number 9789392619588
Price Rs. 1800.00
040 ## - CATALOGING SOURCE
Original cataloging agency VIVEKANANDA LIBRARY
082 ## - DDC NUMBER
Classification number 954.9143
Book Number M896L
100 ## - MAIN ENTRY--PERSONAL NAME
Personal name Mukherji, Saradindu
110 ## - MAIN ENTRY--CORPORATE NAME
Corporate name
245 ## - TITLE STATEMENT
Title Lahore from crest to calamity: A study on the interplay of religious demography and politics, 1881-2011
260 ## - PUBLICATION, DISTRIBUTION, ETC. (IMPRINT)
Name of publisher, distributor, etc Khana Publishers
Date of publication, distribution, etc 2024
Place of publication, distribution, etc New Delhi
300 ## - PHYSICAL DESCRIPTION
Pages xvii, 426
650 ## - Subject
Subject History
942 ## - ADDED ENTRY ELEMENTS (KOHA)
Koha item type Books
Holdings
Withdrawn status Lost status Source of classification or shelving scheme Damaged status Not for loan Location (home branch) Sublocation or collection (holding branch) Shelving location Date acquired Koha issues (times borrowed) Koha full call number Accession No. Koha date last seen Koha item type
    Dewey Decimal Classification     VIVEKANANDA LIBRARY VIVEKANANDA LIBRARY Vivekananda Library 01/02/2025   954.9143 M896L 441996 01/02/2025 Books
© Designed and Maintained by Vivekananda Library, MDU Rohtak